000 00448nam a2200133Ia 4500
008 160216s9999 xx 000 0 und d
100 _aGittell, R.
245 4 _aThe sustainable business case book /
245 _cR. Gittell, M. Magnusson, & M. Merenda.
260 _bThe Saylor Foundation.
260 _c2014
650 _xBusiness - case studies.
856 _uhttp://www.saylor.org/site/textbooks/The%20Sustainable%20Business%20Case%20Book.pdf
999 _c290598
_d290598